|
|
|
|
| LEADER |
02378nam a22004455i 4500 |
| 001 |
978-1-84800-023-0 |
| 003 |
DE-He213 |
| 005 |
20151204181349.0 |
| 007 |
cr nn 008mamaa |
| 008 |
100301s2008 xxk| s |||| 0|eng d |
| 020 |
|
|
|a 9781848000230
|9 978-1-84800-023-0
|
| 024 |
7 |
|
|a 10.1007/978-1-84800-023-0
|2 doi
|
| 040 |
|
|
|d GrThAP
|
| 050 |
|
4 |
|a QA76.76.A65
|
| 072 |
|
7 |
|a UB
|2 bicssc
|
| 072 |
|
7 |
|a COM018000
|2 bisacsh
|
| 082 |
0 |
4 |
|a 004
|2 23
|
| 100 |
1 |
|
|a Whitrow, Robert.
|e author.
|
| 245 |
1 |
0 |
|a OpenGL Graphics Through Applications
|h [electronic resource] /
|c by Robert Whitrow.
|
| 264 |
|
1 |
|a London :
|b Springer London,
|c 2008.
|
| 300 |
|
|
|a XV, 330 p.
|b online resource.
|
| 336 |
|
|
|a text
|b txt
|2 rdacontent
|
| 337 |
|
|
|a computer
|b c
|2 rdamedia
|
| 338 |
|
|
|a online resource
|b cr
|2 rdacarrier
|
| 347 |
|
|
|a text file
|b PDF
|2 rda
|
| 505 |
0 |
|
|a Getting Started -- Image File Formats -- Image Processing -- Transformations -- Viewing and Projection -- Lighting and Colour -- Texture Mapping -- Objects to Artefacts -- Curves, Surfaces and Patterns.
|
| 520 |
|
|
|a OpenGL Graphics Through Applications is a practical introduction to Computer Graphics with an emphasis on understanding through practice. Throughout the book, theory is followed by implementation using C / C++ to support student centred learning and complete programs are provided on the Springer website. A procedural approach has been taken to algorithmic development while taking an object oriented approach when building artefacts from simple objects. The book covers a range of topics including: •image processing •artefact construction •introductory animation •texturing •curves, surfaces and patterns Robert Whitrow has taught computing courses from first year undergraduate to postgraduate MSc at a number of different universities.
|
| 650 |
|
0 |
|a Computer science.
|
| 650 |
|
0 |
|a Computer graphics.
|
| 650 |
|
0 |
|a Application software.
|
| 650 |
1 |
4 |
|a Computer Science.
|
| 650 |
2 |
4 |
|a Computer Applications.
|
| 650 |
2 |
4 |
|a Computer Graphics.
|
| 650 |
2 |
4 |
|a Computer Imaging, Vision, Pattern Recognition and Graphics.
|
| 710 |
2 |
|
|a SpringerLink (Online service)
|
| 773 |
0 |
|
|t Springer eBooks
|
| 776 |
0 |
8 |
|i Printed edition:
|z 9781848000223
|
| 856 |
4 |
0 |
|u http://dx.doi.org/10.1007/978-1-84800-023-0
|z Full Text via HEAL-Link
|
| 912 |
|
|
|a ZDB-2-SCS
|
| 950 |
|
|
|a Computer Science (Springer-11645)
|